000 00315nam a22001457a 4500
008 221012b ||||| |||| 00| 0 eng d
020 _a2900135130314
041 _aeng
080 _a343.9
082 _a343.9
100 _a31.2
101 _aKRIM
245 _aCRIMINOLOGY TODAY
_cSCHMALLEGER
942 _2udc
_cBK
999 _c58530
_d58530